| 000 | 01164cas a2200253 4500 | ||
|---|---|---|---|
| 001 | L153714 | ||
| 008 | 110822c2010 xxkfr ss eng u | ||
| 035 | _a(Sirsi) u153714 | ||
| 041 | 0 | _aeng | |
| 050 | _a333.33 $2 18 | ||
| 110 | 2 |
_aJones Lang LaSalle _93755 |
|
| 245 | 0 | 0 |
_aUK industrial and logistics market report _h[eletcronic resource] |
| 260 |
_aLondon _bJLL _c2010- |
||
| 362 | 0 | _aMarch 2010- | |
| 490 | 0 |
_aJones Lang LaSalle UK Industrial and Logistics Market Report _vMarch 2010- |
|
| 520 | _aThe UK Industrial and Logistics market report summarises take-up, development activity, rents and yields as well as examining future market trends. Includes a UK warehousing rental map. | ||
| 554 | _aTwo per year | ||
| 650 | 2 | 4 | _aJONES LANG LASALLE UK INDUSTRIAL AND LOGISTICS MARKET REPORT |
| 651 | 4 |
_aUnited Kingdom _y |
|
| 690 | _aPROPERTY-COMMERCIAL PROPERTY-COMMERCIAL PROPERTY MARKET | ||
| 690 | _aPROPERTY-COMMERCIAL PROPERTY-COMMERCIAL PROPERTY FINANCE AND INVESTMENT | ||
| 856 | 4 | 0 |
_uhttps://www.joneslanglasalle.co.uk/UnitedKingdom/EN-GB/Pages/ResearchFilter.aspx _zView the report free of charge at www.joneslanglasalle.co.uk |
| 942 | _n0 | ||
| 999 |
_c119355 _d119355 |
||